000 00460nam a2200157Ia 4500
999 _c5565
_d5565
003 OSt
005 20200118094535.0
008 190216s9999||||xx |||||||||||||| ||und||
040 _coclc
082 _a658
_bMAH/P
100 _aMaheshwari, S N
_91048
245 0 _aPrinciples Of Management Accounting /
_cS N Maheshwari
260 _bSulthan Chand & Sons,
_c1982.
_aNew Delhi:
300 _a309p
942 _cBK
_2ddc
_h658
_iMAH/P
_k658
_mMAH/P